Sports Quiz

Random Sports or MLB Quiz

2012 Cincinnati Reds Roster Quiz Stats

 Plays Quiz not verified by Sporcle

Challenge
Share
Tweet
Embed
Score 0/39 Timer 08:00
0 Plays Today
Uni # Player % Correct
4Brandon Phillips
98.1%
2Zack Cozart
97.5%
19Joey Votto
93.1%
6Drew Stubbs
92.5%
32Jay Bruce
91.9%
47Johnny Cueto
88.1%
54Aroldis Chapman
88.1%
21Todd Frazier
87.5%
61Bronson Arroyo
87.5%
34Homer Bailey
84.4%
44Mike Leake
84.4%
27Scott Rolen
83.8%
29Ryan Hanigan
83.8%
55Mat Latos
82.5%
12Dusty Baker
81.3%
48Ryan Ludwick
78.1%
28Chris Heisey
74.4%
39Devin Mesoraco
73.1%
51Sean Marshall
72.5%
43Miguel Cairo
71.3%
Uni # Player % Correct
50Jonathan Broxton
67.5%
66Logan Ondrusek
65.6%
63Sam LeCure
64.4%
15Wilson Valdez
52.5%
30Dioner Navarro
52.5%
31Alfredo Simon
48.8%
60J.J. Hoover
48.1%
45Bill Bray
45.6%
26Xavier Paul
44.4%
33Jose Arredondo
44.4%
25/68Didi Gregorius
40.6%
52Tony Cingrani
35%
36/67Henry Rodriguez
32.5%
58Todd Redmond
31.3%
9Willie Harris
30%
23Denis Phipps
25.6%
17Kristopher Negron
25%
25Mike Costanzo
21.3%
65Pedro Villareal
13.8%

You're not logged in!

Compare scores with friends on all Sporcle quizzes.
Join for Free
OR
Log In

You Might Also Like...

Show Comments

Extras

Top Quizzes Today


Score Distribution

Your Account Isn't Verified!

In order to create a playlist on Sporcle, you need to verify the email address you used during registration. Go to your Sporcle Settings to finish the process.

Report this User

Report this user for behavior that violates our Community Guidelines.

Details: